Library of the University of Algiers 3
Ibrahim Sultan Cheibout
شعار جامعة الجزائر 3
مكتبة جامعة الجزائر 3
إبراهيم سلطان شيبوط

دراسات في نظرية المحاسبة و المعايير المحاسبية / (رقم التسجيلة. 45791)

تفاصيل مارك
000 -LEADER
fixed length control field 00704nam a2200205Ia 4500
003 - CONTROL NUMBER IDENTIFIER
control field Ost
005 - DATE AND TIME OF LATEST TRANSACTION
control field 20260507075659.0
008 - FIXED-LENGTH DATA ELEMENTS--GENERAL INFORMATION
fixed length control field 260507s9999||||xx |||||||||||||| ||und||
020 ## - INTERNATIONAL STANDARD BOOK NUMBER
International Standard Book Number 6326033977
040 ## - CATALOGING SOURCE
Transcribing agency fsecg
041 ## - LANGUAGE CODE
Language code of text/sound track or separate title ara
100 ## - MAIN ENTRY--PERSONAL NAME
Personal name الناغى، محمود السيد
Relator term مؤلف
245 #0 - TITLE STATEMENT
Title دراسات في نظرية المحاسبة و المعايير المحاسبية /
Statement of responsibility, etc. محمود السيد الناغى
260 ## - PUBLICATION, DISTRIBUTION, ETC.
Place of publication, distribution, etc. المنصورة:
Name of publisher, distributor, etc. المكتبة العصريةللنشر و التوزيع,
Date of publication, distribution, etc. 2002
300 ## - PHYSICAL DESCRIPTION
Extent 274 صفحة؛
653 ## - INDEX TERM--UNCONTROLLED
Uncontrolled term محاسبة
653 ## - INDEX TERM--UNCONTROLLED
Uncontrolled term معايير الحسابية
653 ## - INDEX TERM--UNCONTROLLED
Uncontrolled term نظرية المحاسبة
942 ## - ADDED ENTRY ELEMENTS (KOHA)
Koha item type كتب

لا توجد مواد متاحة.

موارد الويب المفتوحة


© University of Algiers 3 All Rights Reserved
|
Implemented by LECHELAH Riad